Regional Geography

Saved in:
Bibliografiske detaljer
Hovedforfatter: MUNSURI Shahida
Format: Bog
Sprog:engelsk
Udgivet: Ishwar Books 2019
Tags: Tilføj Tag
Ingen Tags, Vær først til at tagge denne postø!

MARC

LEADER 00000nam a22000007a 4500
008 210726b ||||| |||| 00| 0 eng d
020 |a 9789386806383 
100 |a MUNSURI Shahida 
245 |a Regional Geography  |c  Shahida Munsuri  |g VI, 272p. : ill. 
260 |b Ishwar Books  |c 2019  |h New Delhi  |i 696481  |i 696482  |l G 128 . M92  |m Geography 
500 |a It includes index 
942 |a lcc  |c BK  |e ADEYEYE Y. S.  |f 26 - 07 -2021 
952 |0 0  |1 0  |2 lcc  |4 0  |6 G0128 M92  |7 0  |9 2831  |a HOL  |b SSL  |c GJ  |d 2021-07-26  |l 0  |o G 128 . M92  |p 2021-66493  |r 2021-07-26 00:00:00  |w 2021-07-26  |y BK 
952 |0 0  |1 0  |2 lcc  |4 0  |6 G0128 M92  |7 0  |9 2832  |a HOL  |b SSL  |c GJ  |d 2021-07-26  |l 0  |o G 128 . M92  |p 2021-66494  |r 2021-07-26 00:00:00  |w 2021-07-26  |y BK 
999 |c 1469  |d 1469